000 00361nam a2200145Ia 4500
008 230711s9999||||xx |||||||||||||| ||und||
041 _aENG
082 _a621
_bRA-O
100 _aRao,S.S
245 0 _aOptimization theory and application
250 _a1st
260 _c1994
_aNew Delhi
_bWiley Eastern Limited
650 _aElectrical Engineering
942 _cBK
999 _c2707
_d2707